Language a modern synthesis

Gespeichert in:
Bibliographische Detailangaben
1. Verfasser: Whatmough, Joshua (VerfasserIn)
Format: Buch
Sprache:Englisch
Veröffentlicht: Nueva York Mentor Book 1956
Schlagworte:
Tags: Tag hinzufügen
Keine Tags, Fügen Sie den ersten Tag hinzu!

MARC

LEADER 00000nam a2200000 a 4500
001 UCI0297
003 CL-VaPUC
008 070504e19560000US |||||||||||||||||eng|d
082 0 4 |a 420  |b WHA  |2 21 
100 0 |a Whatmough, Joshua  |e author  |9 520456 
245 1 0 |a Language a modern synthesis 
300 |a 240 p 
942 |c BK 
945 |d 20070504 00:00:00  |a jtorresc 
260 |a Nueva York  |b Mentor Book  |c 1956 
650 0 |a Lengua inglesa  |9 453712 
650 0 |a Lingüística  |9 265068 
650 0 |a Historia del lenguaje  |9 472290 
583 |a last modification  |c 20130304 04:57:42  |k Rodrigo Vera 
999 |c 325534  |d 325532 
952 |0 0  |1 0  |4 0  |6 420_000000000000000_WHA_1956  |7 0  |8 A  |9 406518  |a FDOPOS  |b FDOPOS  |d 2019-11-22  |i 4271823  |o 420 WHA 1956  |p 4271823  |r 2025-01-22  |w 2019-11-22  |y BK  |k MLA